सामाजिक कुरीतियां (Record no. 1229921)

MARC details
000 -LEADER
fixed length control field 00842nam a2200193Ia 4500
008 - FIXED-LENGTH DATA ELEMENTS--GENERAL INFORMATION
fixed length control field 151121s9999||||xx |||||||||||||| ||und||
082 ## - DEWEY DECIMAL CLASSIFICATION NUMBER
Classification number 360/मिश्र
082 ## - DEWEY DECIMAL CLASSIFICATION NUMBER
Item number HNW-40287
100 ## - MAIN ENTRY--PERSONAL NAME
Personal name मिश्र माधवप्रसाद-अनु।(टॉलस्टॉय)
245 ## - TITLE STATEMENT
Title सामाजिक कुरीतियां
260 ## - PUBLICATION, DISTRIBUTION, ETC. (IMPRINT)
Name of publisher, distributor, etc "सत्साहित्य प्रकाशन मंडल, दिल्ली"
260 ## - PUBLICATION, DISTRIBUTION, ETC. (IMPRINT)
Date of publication, distribution, etc --
300 ## - PHYSICAL DESCRIPTION
Extent 209
600 ## - SUBJECT ADDED ENTRY--PERSONAL NAME
Personal name मिश्र माधवप्रसाद-अनु।(टॉलस्टॉय)
630 ## - SUBJECT ADDED ENTRY--UNIFORM TITLE
Uniform title सामाजिक कुरीतियां
700 ## - ADDED ENTRY--PERSONAL NAME
Personal name मिश्र माधवप्रसाद-अनु।(टॉलस्टॉय)
730 ## - ADDED ENTRY--UNIFORM TITLE
Uniform title सामाजिक कुरीतियां
942 ## - ADDED ENTRY ELEMENTS (KOHA)
Koha item type Book
Holdings
Withdrawn status Lost status Damaged status Not for loan Home library Current library Date acquired Cost, normal purchase price Total Checkouts Full call number Barcode Date last seen Cost, replacement price Price effective from Koha item type
        Hirachand Nemchand Wachanalaya, Solapur Hirachand Nemchand Wachanalaya, Solapur 11/21/2015 2.00   HNW-40287 HNW-40287 11/21/2015 2.00 11/21/2015 Book